| 000 | 00371nam a2200157Ia 4500 | ||
|---|---|---|---|
| 008 | 230917s9999||||xx |||||||||||||| ||und|| | ||
| 040 |
_e33989 _aMAIN |
||
| 041 | _aEnglish | ||
| 082 | _a813.08 N14T | ||
| 100 | _aNahin, Paul J | ||
| 245 | 0 | _aTime machines | |
| 250 | _a2nd ed. | ||
| 260 |
_aNew York _bSpringer-Verlag _c1999 |
||
| 300 | _axxxii, 628 p. | ||
| 942 | _cBK | ||
| 999 |
_c111939 _d111939 |
||